| 000 | 01123cam a2200349 i 4500 | ||
|---|---|---|---|
| 005 | 20260322212031.0 | ||
| 008 | data | ||
| 010 | _a 2012286504 | ||
| 020 | _a9781936097012 (pbk.) | ||
| 020 | _a193609701X (pbk.) | ||
| 040 |
_aDLC _beng _erda _cDLC _dDLC |
||
| 042 | _apcc | ||
| 043 | _an-us--- | ||
| 050 | 0 | 0 |
_aPN6728.P53 _bC65 2010 |
| 082 | 0 | 0 |
_a741.5/6973 _223 |
| 099 | _aCRANEB | ||
| 100 | 1 | _aCrane, Brian. | |
| 240 | 1 | 0 |
_aPickles. _kSelections |
| 245 | 1 | 0 |
_aHow come I always get blamed for the things I do? : _ba Pickles collection / _cBrian Crane. |
| 250 | _aFirst edition. | ||
| 264 | 1 |
_aReno, Nevada : _bBaobab Press, _c2010. |
|
| 300 |
_a132 pages : _billustrations ; _c23 cm |
||
| 336 |
_atext _btxt _2rdacontent |
||
| 336 |
_astill image _2rdacontent |
||
| 337 |
_aunmediated _bn _2rdamedia |
||
| 338 |
_avolume _bnc _2rdacarrier |
||
| 500 | _aCollection of previously published comic strips. | ||
| 650 | 0 | _aAmerican wit and humor, Pictorial. | |
| 655 | 7 |
_aComic books, strips, etc. _2gsafd |
|
| 856 | 4 | 2 |
_3Publisher description _uhttp://www.loc.gov/catdir/enhancements/fy1413/2012286504-d.html |
| 001 | data | ||
| 999 |
_c716 _d716 |
||